Kỹ thuật trồng đậu xanh và đậu đen
Giới thiệu các kĩ thuật trồng đậu xanh và đậu đen: yêu cầu sinh thái, giống, thời vụ gieo hạt, kĩ thuật chăm sóc cây đậu xanh và đậu đen
Enregistré dans:
| Format: | Livre |
|---|---|
| Langue: | Undetermined |
| Publié: |
Hà Nội
Nông nghiệp
2014
|
| Sujets: | |
| Tags: |
Ajouter un tag
Pas de tags, Soyez le premier à ajouter un tag!
|
| Thư viện lưu trữ: | Trung tâm Học liệu Trường Đại học Cần Thơ |
|---|
| LEADER | 00793nam a2200193Ia 4500 | ||
|---|---|---|---|
| 001 | CTU_208968 | ||
| 008 | 210402s9999 xx 000 0 und d | ||
| 020 | |c 29900 | ||
| 082 | |a 633.37 | ||
| 082 | |b K600 | ||
| 245 | 0 | |a Kỹ thuật trồng đậu xanh và đậu đen | |
| 245 | 0 | |c Dự án Khoa học công nghệ nông nghiệp No.2283 - VIE(SF) | |
| 260 | |a Hà Nội | ||
| 260 | |b Nông nghiệp | ||
| 260 | |c 2014 | ||
| 520 | |a Giới thiệu các kĩ thuật trồng đậu xanh và đậu đen: yêu cầu sinh thái, giống, thời vụ gieo hạt, kĩ thuật chăm sóc cây đậu xanh và đậu đen | ||
| 650 | |a Mung bean,Đậu xanh | ||
| 904 | |i Hải | ||
| 980 | |a Trung tâm Học liệu Trường Đại học Cần Thơ | ||